Score 0/20 Timer 03:00
0 Plays Today
Question Answer Wrong Answers
Typical isn't it? You wait 20 years for a dad and then three come along at once. (Mamma Mia!) Female
93.2%
Male
1.7%
We at the FBI do not have a sense of humor we're aware of. (Men in Black) Male
93.2%
Female
1.7%
If you're from Africa, Why are you white? (Mean Girls) Female
93.2%
Male
1.7%
In your face Neil Armstrong. (The Martian) Male
91.5%
Female
1.7%
You take the blue pill - the story ends, you wake up in your bed. (The Matrix) Male
91.5%
Female
0%
Your mother was a hamster and your father smelt of elderberries! (Monty Python and the Holy Grail) Male
91.5%
Female
1.7%
Just a spoonful of sugar helps the medicine go down. (Mary Poppins) Female
89.8%
Male
1.7%
I'm your number one fan. (Misery) Female
89.8%
Male
5.1%
It seemed like a good idea at the time. (The Magnificent Seven) Male
89.8%
Female
1.7%
I must say, I really felt quite distressed at not receiving an invitation. (Maleficent) Female
89.8%
Male
5.1%
Hey head, say bye bye to the neck! Deacpito! (Mad Max) Male
88.1%
Female
8.5%
You know, I don't think she's all that dangerous. (Monsters, Inc.) Male
86.4%
Female
8.5%
I want a trainer. I don't want charity and I don't want any favors. (Million Dollar Baby) Female
84.7%
Male
6.8%
I washed my hands and face before I come I did. (My Fair Lady) Female
81.4%
Male
10.2%
I created a ingenious plan, to see if these are savage killers. (Madagascar) Male
81.4%
Female
10.2%
Lenny, you can't trust a man's life to your little notes and pictures. (Memento) Male
74.6%
Female
18.6%
My mother gave me a list of things not to do on a first date. (Moonraker) Female
66.1%
Male
27.1%
You're gonna be bad for business, I can tell. (Moulin Rouge) Female
61%
Male
32.2%
If you start singing, I'm gonna throw up. (Moana) Male
47.5%
Female
44.1%
Richie, I think these guys are very sick. (Mars Attacks!) Female
45.8%
Male
44.1%
Remove Ads.
Support Sporcle.
Get the best of Sporcle when you Go Orange. This ad-free experience offers more features, more stats, and more fun while also helping to support Sporcle. Thank you for becoming a member.

You're not logged in!

Compare scores with friends on all Sporcle quizzes.
OR
Log In

Show Comments

Extras

Top Quizzes Today


Score Distribution

Your Account Isn't Verified!

In order to create a playlist on Sporcle, you need to verify the email address you used during registration. Go to your Sporcle Settings to finish the process.

Report this User

Report this user for behavior that violates our Community Guidelines.

Details: